ბათუმის შოთა რუსთაველის სახელმწიფო უნივერსიტეტის ბიბლიოთეკა

ქართული წერის ნიმუშები : (ბიბ.ჩანაწერი № 52524)

000 -ლიდერი
ფიქსირებული სიგრძის საკონტროლო ველი 01231nam a2200265Ia 4500
001 - საკონტროლო ნომერი
საკონტროლო ველი 19548
003 - საკონტროლო ნომრის იდენტიფიკატორი
საკონტროლო ველი GE_BSU
005 - ბოლო ოპერაციის თარიღი და დრო
საკონტროლო ველი 20200302114018.0
008 - ფიქსირებული სიგრძის მონაცემთა ელემენტები - ზოგადი ინფორმაცია
ფიქსირებული სიგრძის საკონტროლო ველი 181216s1973||||ge |||||||||||||| ||geo||
040 ## - კატალოგიზაციის წყარო
Transcribing agency GE_BSU
041 ## - ენის კოდი
Language code of text/sound track or separate title geo
080 ## - უნივერსალური ათობითი კლასიფიკაციის ინდექსი
Universal Decimal Classification number 003.334.2 : 930 ა-20
100 ## - მთავარი ჩანაწერი - პიროვნების სახელი
Personal name აბულაძე, ილია
9 (RLIN) 3494
245 ## - ცნობა სათაურის შესახებ
Title ქართული წერის ნიმუშები :
Remainder of title პალეოგრაფიული ალბომი /
Statement of responsibility, etc ილია აბულაძე ; რედ. : ელენე მეტრეველი.
250 ## - გამოცემის ცნობა
Edition statement მე-2 შევს. გამოცემა
264 ## - წარმოების, გამოცემის, დისტრიბუციის და სხვა ცნობები
გამოცემის, წარმოების, დისტრიბუციის... ადგილი თბილისი :
გამოცემის, წარმოების, დისტრიბუციის... სახელწოდება მეცნიერება,
გამოცემის, წარმოების, დისტრიბუციის... თარიღი 1973.
300 ## - ფიზიკური აღწერა
Extent 416 გვ. :
Other physical details ილ., ტაბ. ;
Dimensions 30 სმ.
500 ## - ზოგადი შენიშვნა
General note წყაროები და შემოკლებანი : გვ. 333-386
653 ## - INDEX TERM--UNCONTROLLED
Uncontrolled term დამწერლობა
653 ## - INDEX TERM--UNCONTROLLED
Uncontrolled term ქართული დამწერლობის ნიმუშები
653 ## - INDEX TERM--UNCONTROLLED
Uncontrolled term ქართული პალეოგრაფია
700 ## - ADDED ENTRY--PERSONAL NAME
Personal name მეტრეველი, ელენე
Relator term რედაქტორი
9 (RLIN) 3397
942 ## - ADDED ENTRY ELEMENTS (KOHA)
Koha item type წიგნი
Source of classification or shelving scheme
ეგზემპლარები
ჩამოწერის სტატუსი დაკარგული ეგზემპლარის სტატუსი კლასიფიკაციის წყარო ან თაროზე გაწყობის სქემა დაზიანების სტატუსი არ გაიცემა მუდმივი მდებარეობა (დაცვის ადგილი) ამჟამინდელი ადგილსამყოფელი თაროზე განთავსების ადგილი შეძენის თარიღი ღირებულება, შესყიდვის ნორმალური ფასი სრული შენახვის შიფრი შტრიხკოდი ბოლო ოპერაციის თარიღი ეგზემპლარის მიმდევრობითი ნომერი (კეტერი?) ფასის ძალაში შესვლის თარიღი ეგზემპლარის სახეობა საჯარო შენიშვნა
          ბათუმის შოთა რუსთაველის სახელმწიფო უნივერსიტეტის მთავარი ბიბლიოთეკა ბათუმის შოთა რუსთაველის სახელმწიფო უნივერსიტეტის მთავარი ბიბლიოთეკა წიგნსაცავი 2018-12-17 6.70 003.334.2 : 930 ა-20 51651 2018-12-17 51651 2018-12-17 წიგნი 6.70 ლ.